Score 0/20 Timer 02:00
0 Plays Today
Hint Answer % Correct
LucanDublin
89%
BelmulletMayo
74.7%
ColeraineDerry
72.1%
BallincolligCork
72%
MountmellickLaois
57.9%
KinnegadWestmeath
54.8%
LetterfrackGalway
54%
ArdeeLouth
53.1%
EnnistimonClare
46.7%
EnfieldMeath
40.8%
Hint Answer % Correct
BaltinglassWicklow
38.1%
PortaferryDown
33.3%
BallymenaAntrim
29.5%
Bruff Limerick
29.4%
DunfanaghyDonegal
25.2%
ClontibretMonaghan
23.3%
PortlawWaterford
22.4%
ManorhamiltonLeitrim
21.3%
CloughjordanTipperary
19.2%
LanesboroughLongford
15.8%
Remove Ads.
Support Sporcle.
Get the best of Sporcle when you Go Orange. This ad-free experience offers more features, more stats, and more fun while also helping to support Sporcle. Thank you for becoming a member.

You're not logged in!

Compare scores with friends on all Sporcle quizzes.
OR
Log In

Sporcle TV

Today on Sporcle TV


Watch our educational content, quiz creation guides, and fun videos on Sporcle TV.

Show Comments

Extras

Created Jun 19, 2020ReportNominate
Tags:irish, Town

Top Quizzes Today


Score Distribution

Paid Content

Your Account Isn't Verified!

In order to create a playlist on Sporcle, you need to verify the email address you used during registration. Go to your Sporcle Settings to finish the process.

Report this User

Report this user for behavior that violates our Community Guidelines.

Details: